Culture Générale - Série 1907 - Statistiques

Statistiques générales
  • Ce quiz a été pris 109 fois
  • Le résultat moyen est 6 sur 10
Statistiques - réponses
Question Réponse % Correct
Quel grand chanteur belge est inhumé aux Iles Marquises ? Jacques Brel
91%
Dans quelle capitale européenne peut-on visiter le château de Schönbrunn ? Vienne
84%
Quel est le symbole du sodium ? Na
81%
Dans quel état des Etats Unis se trouve la ville de Las Vegas ? Nevada
81%
Dans quelle capitale européenne peut-on visiter le palais de l'Escurial ? Madrid
75%
Dans quelle ville méditerranéenne peut-on visiter le palais de l'Alhambra ? voir photo Grenade
62%
Dans quelle ville européenne peut-on visiter le palais de Topkapi ? Istanbul
39%
Comment s'appelle le palais d'hiver du dalaï-lama au Tibet ? Potala
20%
Quelle espèce animale est le "pilet" ? canard
17%
Dans quel département français se trouve la commune de Néré ? Charente-Maritime
6%
Aucun quiz correspondant
Distribution des résultats
% des personnes avec chaque résultat
Percentile par nombre de réponses
Votre historique - résultats
Vous n’avez pas pris ce quiz